Loading...
| Fine Arts - Classical Music | 5 | 12.00 | 80% | 40% | 0% |
| Fine Arts - Other Fine Arts | 4 | 12.50 | 75% | 50% | 0% |
| Fine Arts - Visual Fine Arts | 4 | 10.00 | 75% | 0% | 25% |
| Geography/Current Events | 1 | 20.00 | 100% | 100% | 0% |
| History - American History | 3 | 23.33 | 100% | 67% | 67% |
| History - European History | 5 | 16.00 | 80% | 80% | 0% |
| History - Other History | 4 | 17.50 | 75% | 75% | 25% |
| History - World History | 4 | 17.50 | 75% | 75% | 25% |
| Literature - American Literature | 7 | 15.71 | 86% | 57% | 14% |
| Literature - British Literature | 4 | 7.50 | 50% | 25% | 0% |
| Literature - European Literature | 6 | 13.33 | 100% | 17% | 17% |
| Literature - World/Other Literature | 5 | 14.00 | 100% | 40% | 0% |
| Mythology | 4 | 17.50 | 100% | 25% | 50% |
| Other Academic | 3 | 20.00 | 100% | 100% | 0% |
| Philosophy | 3 | 13.33 | 100% | 33% | 0% |
| Religion | 3 | 20.00 | 100% | 67% | 33% |
| Science - Biology | 1 | 10.00 | 100% | 0% | 0% |
| Science - Chemistry | 6 | 18.33 | 67% | 83% | 33% |
| Science - Other Science | 6 | 18.33 | 100% | 33% | 50% |
| Science - Physics | 5 | 18.00 | 100% | 60% | 20% |
| Social Science | 6 | 11.67 | 100% | 0% | 17% |
| World/Other Literature> | 1 | 10.00 | 100% | 0% | 0% |